All Jetpunk Languages Random Word Translations - Statistics

General Stats
  • This quiz has been taken 232 times
  • The average score is 8 of 20
Answer Stats
group Hint Answer % Correct
water Spanish Agua
100%
year Italian Anno
100%
year Spanish Año
100%
tree French Arbre
100%
money French Argent
100%
car German Auto
100%
baby German Baby
100%
tree German Baum
100%
baby Portuguese Bebê
100%
bed Dutch Bed
100%
mountain German Berg
100%
bed German Bett
100%
beer Italian Birra
100%
coffee French Café
100%
coffee Portuguese Café
100%
coffee Italian Caffè
100%
bed Spanish Cama
100%
dog Portuguese Cão
100%
car Portuguese Carro
100%
letter Spanish Carta
100%
house Portuguese Casa
100%
room French Chambre
100%
song French Chanson
100%
rain Portuguese Chuva
100%
city Portuguese Cidade
100%
city Italian Città
100%
color Italian Colore
100%
food Portuguese Comida
100%
color French Couleur
100%
day Spanish Día
100%
day Portuguese Dia
100%
doctor Spanish Doctor
100%
woman Italian Donna
100%
school French École
100%
island Dutch Eiland
100%
ice German Eis
100%
nurse Portuguese Enfermeira
100%
team French Équipe
100%
school Portuguese Escola
100%
star Spanish Estrella
100%
student Portuguese Estudante
100%
family Portuguese Família
100%
family Dutch Familie
100%
fire German Feuer
100%
girl French Fille
100%
river German Fluss
100%
woman German Frau
100%
cat Portuguese Gato
100%
cat Italian Gatto
100%
sister Spanish Hermana
100%
man Portuguese Homem
100%
man French Homme
100%
ice Dutch Ijs
100%
island Spanish Isla
100%
year German Jahr
100%
garden Spanish Jardín
100%
day French Jour
100%
game Spanish Juego
100%
coffee German Kaffee
100%
room Dutch Kamer
100%
child Dutch Kind
100%
country German Land
100%
milk Spanish Leche
100%
student Dutch Leerling
100%
milk Portuguese Leite
100%
language Spanish Lengua
100%
book Italian Libro
100%
song German Lied
100%
book Portuguese Livro
100%
car Italian Macchina
100%
man German Mann
100%
sea Spanish Mar
100%
girl Dutch Meisje
100%
sea French Mer
100%
market Portuguese Mercado
100%
table Portuguese Mesa
100%
city Polish Miasto
100%
mother Dutch Moeder
100%
mountain French Montagne
100%
sheep French Mouton
100%
cow Italian Mucca
100%
music Italian Musica
100%
music German Musik
100%
name Dutch Naam
100%
night German Nacht
100%
name German Name
100%
teacher Polish Nauczyciel
100%
name Italian Nome
100%
night Italian Notte
100%
night French Nuit
100%
bird French Oiseau
100%
father Italian Padre
100%
father Spanish Padre
100%
father Portuguese Pai
100%
bread Portuguese Pão
100%
horse German Pferd
100%
stone French Pierre
100%
fish French Poisson
100%
police Spanish Policía
100%
police Portuguese Polícia
100%
police Dutch Politie
100%
bridge French Pont
100%
bridge Spanish Puente
100%
phone Finnish Puhelin
100%
girl Italian Ragazza
100%
family Polish Rodzina
100%
snow German Schnee
100%
pig German Schwein
100%
sister German Schwester
100%
chair Spanish Silla
100%
shop Polish Sklep
100%
word Polish Słowo
100%
sister French Sœur
100%
sun French Soleil
100%
sport French Sport
100%
star Italian Stella
100%
street German Straße
100%
student Italian Studente
100%
table Dutch Tafel
100%
phone Spanish Teléfono
100%
phone Dutch Telefoon
100%
phone French Téléphone
100%
time Italian Tempo
100%
time French Temps
100%
earth French Terre
100%
shop Spanish Tienda
100%
animal German Tier
100%
earth Spanish Tierra
100%
table German Tisch
100%
work Spanish Trabajo
100%
man Italian Uomo
100%
cow Spanish Vaca
100%
father German Vater
100%
wine French Vin
100%
wine Spanish Vino
100%
fish Dutch Vis
100%
bird Dutch Vogel
100%
wind German Wind
100%
word German Wort
100%
island Polish Wyspa
100%
soldier German Soldat
80%
father French Père
75%
book German Buch
67%
horse Spanish Caballo
67%
road Spanish Camino
67%
river Italian Fiume
67%
fish Spanish Pez
67%
bridge Portuguese Ponte
67%
time Spanish Tiempo
67%
year French An
50%
animal Portuguese Animal
50%
baby Dutch Baby
50%
tree Dutch Boom
50%
horse Portuguese Cavalo
50%
color Spanish Color
50%
computer German Computer
50%
computer Dutch Computer
50%
day Dutch Dag
50%
film Finnish Elokuva
50%
star French Étoile
50%
family Italian Famiglia
50%
color German Farbe
50%
flower Italian Fiore
50%
year Dutch Jaar
50%
garden French Jardin
50%
game Portuguese Jogo
50%
boy Dutch Jongen
50%
cat German Katze
50%
queen German Königin
50%
language Italian Lingua
50%
bed Polish Łóżko
50%
market Spanish Mercado
50%
man Finnish Mies
50%
number French Nombre
50%
ocean Polish Ocean
50%
computer French Ordinateur
50%
bread Spanish Pan
50%
sheep Italian Pecora
50%
police Italian Polizia
50%
teacher French Professeur
50%
teacher Portuguese Professor
50%
tree Finnish Puu
50%
room Portuguese Quarto
50%
boy Italian Ragazzo
50%
street Portuguese Rua
50%
nurse Finnish Sairaanhoitaja
50%
student German Schüler
50%
star German Stern
50%
table French Table
50%
bird German Vogel
50%
doctor Dutch Dokter
33%
story Polish Historia
33%
sport Dutch Sport
33%
wind Spanish Viento
33%
garden Portuguese Jardim
25%
wind Polish Wiatr
25%
earth Dutch Aarde
0%
water Italian Acqua
0%
water Portuguese Água
0%
time Finnish Aika
0%
air French Air
0%
air Spanish Aire
0%
mother Finnish Äiti
0%
tree Italian Albero
0%
village Portuguese Aldeia
0%
friend French Ami
0%
friend Italian Amico
0%
friend Spanish Amigo
0%
friend Portuguese Amigo
0%
animal French Animal
0%
animal Spanish Animal
0%
animal Italian Animale
0%
year Portuguese Ano
0%
air Portuguese Ar
0%
work German Arbeit
0%
tree Spanish Árbol
0%
air Italian Aria
0%
tree Portuguese Árvore
0%
doctor German Arzt
0%
sun Finnish Aurinko
0%
car Dutch Auto
0%
car Finnish Auto
0%
job Dutch Baan
0%
ball Dutch Bal
0%
ball German Ball
0%
ball French Balle
0%
child Italian Bambino
0%
baby Italian Bambino
0%
baby French Bébé
0%
baby Spanish Bebé
0%
mountain Dutch Berg
0%
beer German Bier
0%
beer Dutch Bier
0%
beer French Bière
0%
leaf Dutch Blad
0%
leaf German Blatt
0%
flower Dutch Bloem
0%
flower German Blume
0%
book Dutch Boek
0%
ball Portuguese Bola
0%
store Italian Bottega
0%
store French Boutique
0%
brother Polish Brat
0%
letter German Brief
0%
letter Dutch Brief
0%
brother Dutch Broer
0%
bread Dutch Brood
0%
bread German Brot
0%
bridge German Brücke
0%
brother German Bruder
0%
bridge Dutch Brug
0%
chair Portuguese Cadeira
0%
coffee Spanish Café
0%
street Spanish Calle
0%
bed Portuguese Cama
0%
song Portuguese Canção
0%
song Spanish Canción
0%
dog Italian Cane
0%
song Italian Canzone
0%
letter Portuguese Carta
0%
house Italian Casa
0%
house Spanish Casa
0%
horse Italian Cavallo
0%
pig Spanish Cerdo
0%
beer Portuguese Cerveja
0%
beer Spanish Cerveza
0%
chair French Chaise
0%
cat French Chat
0%
horse French Cheval
0%
dog French Chien
0%
bread Polish Chleb
0%
boy Polish Chłopiec
0%
food Italian Cibo
0%
city Spanish Ciudad
0%
car Spanish Coche
0%
pig French Cochon
0%
store Spanish Comercio
0%
food Spanish Comida
0%
computer Portuguese Computador
0%
computer Spanish Computadora
0%
computer Italian Computer
0%
color Portuguese Cor
0%
child Portuguese Criança
0%
time Polish Czas
0%
money Italian Denaro
0%
sport Spanish Deporte
0%
rain Polish Deszcz
0%
door Dutch Deur
0%
animal Dutch Dier
0%
money Spanish Dinero
0%
money Portuguese Dinheiro
0%
doctor French Docteur
0%
house Polish Dom
0%
village German Dorf
0%
village Dutch Dorp
0%
doctor Italian Dottore
0%
doctor Portuguese Doutor
0%
road Polish Droga
0%
team Polish Drużyna
0%
tree Polish Drzewo
0%
door Polish Drzwi
0%
child Polish Dziecko
0%
day Polish Dzień
0%
girl Polish Dziewczyna
0%
water French Eau
0%
animal Finnish Eläin
0%
student French Élève
0%
job Spanish Empleo
0%
job French Emploi
0%
job Portuguese Emprego
0%
child French Enfant
0%
nurse Spanish Enfermera
0%
team Portuguese Equipe
0%
team Spanish Equipo
0%
earth German Erde
0%
school Spanish Escuela
0%
sport Portuguese Esporte
0%
food German Essen
0%
road Portuguese Estrada
0%
star Portuguese Estrela
0%
student Spanish Estudiante
0%
food Dutch Eten
0%
family Spanish Familia
0%
family German Familie
0%
family French Famille
0%
woman French Femme
0%
window French Fenêtre
0%
window German Fenster
0%
fire French Feu
0%
leaf French Feuille
0%
film German Film
0%
film Dutch Film
0%
film French Film
0%
film Italian Film
0%
film Polish Film
0%
film Portuguese Filme
0%
window Italian Finestra
0%
fish German Fisch
0%
flower French Fleur
0%
flower Spanish Flor
0%
flower Portuguese Flor
0%
leaf Italian Foglia
0%
fire Portuguese Fogo
0%
leaf Portuguese Folha
0%
brother Italian Fratello
0%
brother French Frère
0%
friend German Freund
0%
fire Spanish Fuego
0%
fire Italian Fuoco
0%
boy French Garçon
0%
garden German Garten
0%
cat Spanish Gato
0%
money German Geld
0%
money Dutch Geld
0%
ice Portuguese Gelo
0%
store German Geschäft
0%
story German Geschichte
0%
ice Italian Ghiaccio
0%
garden Italian Giardino
0%
game Italian Gioco
0%
day Italian Giorno
0%
ice French Glace
0%
mountain Polish Góra
0%
game Polish Gra
0%
star Polish Gwiazda
0%
room Spanish Habitación
0%
house German Haus
0%
brother Spanish Hermano
0%
horse Finnish Hevonen
0%
ice Spanish Hielo
0%
story French Histoire
0%
story Spanish Historia
0%
story Portuguese História
0%
leaf Spanish Hoja
0%
man Spanish Hombre
0%
dog Dutch Hond
0%
house Dutch Huis
0%
dog German Hund
0%
room Finnish Huone
0%
window Finnish Ikkuna
0%
island French Île
0%
island Portuguese Ilha
0%
air Finnish Ilma
0%
name Polish Imię
0%
job Italian Impiegno
0%
nurse Italian Infermiera
0%
nurse French Infirmière
0%
teacher Italian Insegnante
0%
island German Insel
0%
sister Portuguese Irmã
0%
brother Portuguese Irmão
0%
father Finnish Isä
0%
island Italian Isola
0%
ice Finnish Jää
0%
window Portuguese Janela
0%
food Polish Jedzenie
0%
game French Jeu
0%
language Polish Język
0%
job German Job
0%
river Finnish Joki
0%
team Finnish Joukkue
0%
boy German Junge
0%
coffee Finnish Kahvi
0%
fish Finnish Kala
0%
stone Polish Kamień
0%
cat Dutch Kat
0%
street Finnish Katu
0%
shop Finnish Kauppa
0%
city Finnish Kaupunki
0%
coffee Polish Kawa
0%
language Finnish Kieli
0%
child German Kind
0%
book Finnish Kirja
0%
letter Finnish Kirje
0%
cat Finnish Kissa
0%
stone Finnish Kivi
0%
color Dutch Kleur
0%
woman Polish Kobieta
0%
cow Dutch Koe
0%
coffee Dutch Koffie
0%
dog Finnish Koira
0%
color Polish Kolor
0%
computer Polish Komputer
0%
horse Polish Koń
0%
king German König
0%
king Dutch Koning
0%
queen Dutch Koningin
0%
cat Polish Kot
0%
school Finnish Koulu
0%
country Polish Kraj
0%
nurse German Krankenschwester
0%
king Polish Król
0%
queen Polish Królowa
0%
cow Polish Krowa
0%
chair Polish Krzesło
0%
book Polish Książka
0%
moon Polish Księżyc
0%
cow German Kuh
0%
flower Finnish Kukka
0%
king Finnish Kuningas
0%
queen Finnish Kuningatar
0%
moon Finnish Kuu
0%
flower Polish Kwiat
0%
village Finnish Kylä
0%
doctor Finnish Lääkäri
0%
shop German Laden
0%
milk French Lait
0%
sheep Finnish Lammas
0%
country Dutch Land
0%
language French Langue
0%
child Finnish Lapsi
0%
milk Italian Latte
0%
song Finnish Laulu
0%
work Italian Lavoro
0%
cow Finnish Lehmä
0%
teacher German Lehrer
0%
leaf Finnish Lehti
0%
bread Finnish Leipä
0%
doctor Polish Lekarz
0%
teacher Dutch Leraar
0%
letter Italian Lettera
0%
bed Italian Letto
0%
letter French Lettre
0%
book Spanish Libro
0%
song Dutch Lied
0%
language Portuguese Língua
0%
bird Finnish Lintu
0%
leaf Polish Liść
0%
letter Polish List
0%
bed French Lit
0%
book French Livre
0%
rain Spanish Lluvia
0%
ice Polish Lód
0%
shop Portuguese Loja
0%
store Portuguese Loja
0%
moon Portuguese Lua
0%
air Dutch Lucht
0%
air German Luft
0%
snow Finnish Lumi
0%
moon Italian Luna
0%
moon Spanish Luna
0%
moon French Lune
0%
country Finnish Maa
0%
earth Finnish Maa
0%
moon Dutch Maan
0%
girl German Mädchen
0%
mother Italian Madre
0%
mother Spanish Madre
0%
mother Portuguese Mãe
0%
shop French Magasin
0%
pig Italian Maiale
0%
house French Maison
0%
milk Finnish Maito
0%
man Dutch Man
0%
team German Mannschaft
0%
sea Portuguese Mar
0%
market French Marché
0%
sea Italian Mare
0%
market German Markt
0%
market Dutch Markt
0%
mother Polish Matka
0%
sea German Meer
0%
milk Dutch Melk
0%
girl Portuguese Menina
0%
boy Portuguese Menino
0%
market Italian Mercato
0%
mother French Mère
0%
sea Finnish Meri
0%
table Spanish Mesa
0%
man Polish Mężczyzna
0%
milk German Milch
0%
milk Polish Mleko
0%
moon German Mond
0%
mountain Italian Montagna
0%
mountain Spanish Montaña
0%
mountain Portuguese Montanha
0%
sea Polish Morze
0%
bridge Polish Most
0%
word French Mot
0%
woman Spanish Mujer
0%
woman Portuguese Mulher
0%
music Spanish Música
0%
music Portuguese Música
0%
music Finnish Musiikki
0%
music French Musique
0%
mother German Mutter
0%
music Dutch Muziek
0%
music Polish Muzyka
0%
store Finnish Myymälä
0%
night Dutch Nacht
0%
woman Finnish Nainen
0%
shop Italian Negozio
0%
snow French Neige
0%
snow Italian Neve
0%
snow Portuguese Neve
0%
baby Polish Niemowlę
0%
snow Spanish Nieve
0%
name Finnish Nimi
0%
girl Spanish Niña
0%
child Spanish Niño
0%
boy Spanish Niño
0%
night Polish Noc
0%
night Spanish Noche
0%
night Portuguese Noite
0%
name French Nom
0%
name Spanish Nombre
0%
name Portuguese Nome
0%
food French Nourriture
0%
number Polish Numer
0%
number Italian Numero
0%
number Spanish Número
0%
number Portuguese Número
0%
number Finnish Numero
0%
number German Nummer
0%
number Dutch Nummer
0%
ocean Dutch Oceaan
0%
ocean French Océan
0%
ocean Italian Oceano
0%
ocean Spanish Océano
0%
ocean Portuguese Oceano
0%
fire Polish Ogień
0%
garden Polish Ogród
0%
father Polish Ojciec
0%
window Polish Okno
0%
beer Finnish Olut
0%
teacher Finnish Opettaja
0%
student Finnish Oppilas
0%
sheep Spanish Oveja
0%
sheep Portuguese Ovelha
0%
door Finnish Ovi
0%
sheep Polish Owca
0%
ocean German Ozean
0%
horse Dutch Paard
0%
country Italian Paese
0%
bread French Pain
0%
country Spanish País
0%
country Portuguese País
0%
day Finnish Päivä
0%
bird Spanish Pájaro
0%
word Spanish Palabra
0%
word Portuguese Palavra
0%
ball Italian Palla
0%
ball Finnish Pallo
0%
fire Finnish Palo
0%
bread Italian Pane
0%
word Italian Parola
0%
bird Portuguese Pássaro
0%
country French Pays
0%
stone Portuguese Pedra
0%
fish Portuguese Peixe
0%
game Finnish Peli
0%
film Spanish Película
0%
ball Spanish Pelota
0%
family Finnish Perhe
0%
dog Spanish Perro
0%
fish Italian Pesce
0%
stone Spanish Piedra
0%
nurse Polish Pielęgniarka
0%
money Polish Pieniądze
0%
dog Polish Pies
0%
stone Italian Pietra
0%
ball Polish Piłka
0%
rain Italian Pioggia
0%
song Polish Piosenka
0%
beer Polish Piwo
0%
rain French Pluie
0%
boy Finnish Poika
0%
room Polish Pokój
0%
police French Police
0%
police Polish Policja
0%
police Finnish Poliisi
0%
police German Polizei
0%
bridge Italian Ponte
0%
pig Portuguese Porco
0%
door Italian Porta
0%
door Portuguese Porta
0%
door French Porte
0%
air Polish Powietrze
0%
table Finnish Pöytä
0%
work Polish Praca
0%
teacher Spanish Profesor
0%
friend Polish Przyjaciel
0%
bird Polish Ptak
0%
village Spanish Pueblo
0%
door Spanish Puerta
0%
garden Finnish Puutarha
0%
money Finnish Raha
0%
queen Portuguese Rainha
0%
king Italian Re
0%
rain German Regen
0%
rain Dutch Regen
0%
queen Italian Regina
0%
king Portuguese Rei
0%
queen Spanish Reina
0%
queen French Reine
0%
king Spanish Rey
0%
river Spanish Río
0%
river Portuguese Rio
0%
river Dutch Rivier
0%
river French Rivière
0%
king French Roi
0%
year Polish Rok
0%
road French Route
0%
street French Rue
0%
food Finnish Ruoka
0%
fish Polish Ryba
0%
river Polish Rzeka
0%
island Finnish Saari
0%
rain Finnish Sade
0%
car Polish Samochód
0%
word Finnish Sana
0%
bed Finnish Sänky
0%
sheep Dutch Schaap
0%
sheep German Schaf
0%
school Dutch School
0%
school German Schule
0%
school Italian Scuola
0%
chair Italian Sedia
0%
pig Finnish Sika
0%
bridge Finnish Silta
0%
sister Polish Siostra
0%
sister Finnish Sisar
0%
store Polish Sklep
0%
sun Polish Słońce
0%
snow Dutch Sneeuw
0%
snow Polish Śnieg
0%
sun Spanish Sol
0%
sun Portuguese Sol
0%
soldier Dutch Soldaat
0%
soldier Spanish Soldado
0%
soldier Portuguese Soldado
0%
soldier French Soldat
0%
soldier Italian Soldato
0%
sun Italian Sole
0%
sun German Sonne
0%
sister Italian Sorella
0%
soldier Finnish Sotilas
0%
game Dutch Spel
0%
game German Spiel
0%
sport German Sport
0%
sport Italian Sport
0%
sport Polish Sport
0%
language German Sprache
0%
team Italian Squadra
0%
city Dutch Stad
0%
city German Stadt
0%
room Italian Stanza
0%
stone Dutch Steen
0%
stone German Stein
0%
star Dutch Ster
0%
chair Dutch Stoel
0%
table Polish Stół
0%
story Italian Storia
0%
street Dutch Straat
0%
road Italian Strada
0%
street Italian Strada
0%
road German Straße
0%
chair German Stuhl
0%
pig Polish Świnia
0%
school Polish Szkoła
0%
language Dutch Taal
0%
day German Tag
0%
star Finnish Tähti
0%
house Finnish Talo
0%
market Polish Targ
0%
story Finnish Tarina
0%
table Italian Tavolo
0%
team Dutch Team
0%
phone German Telefon
0%
phone Polish Telefon
0%
phone Portuguese Telefone
0%
phone Italian Telefono
0%
time Portuguese Tempo
0%
earth Italian Terra
0%
earth Portuguese Terra
0%
road Finnish Tie
0%
computer Finnish Tietokone
0%
time Dutch Tijd
0%
market Finnish Tori
0%
work Portuguese Trabalho
0%
work French Travail
0%
garden Dutch Tuin
0%
chair Finnish Tuoli
0%
door German Tür
0%
wind Finnish Tuuli
0%
work Finnish Työ
0%
job Finnish Työpaikka
0%
girl Finnish Tyttö
0%
bird Italian Uccello
0%
student Polish Uczeń
0%
street Polish Ulica
0%
sport Finnish Urheilu
0%
cow Portuguese Vaca
0%
cow French Vache
0%
father Dutch Vader
0%
ocean Finnish Valtameri
0%
color Finnish Väri
0%
pig Dutch Varken
0%
baby Finnish Vauva
0%
brother Finnish Veli
0%
window Dutch Venster
0%
wind French Vent
0%
window Spanish Ventana
0%
wind Italian Vento
0%
wind Portuguese Vento
0%
story Dutch Verhaal
0%
nurse Dutch verpleegkundige
0%
water Finnish Vesi
0%
wine Finnish Viini
0%
village French Village
0%
village Italian Villaggio
0%
city French Ville
0%
wine Portuguese Vinho
0%
wine Italian Vino
0%
car French Voiture
0%
friend Dutch Vriend
0%
woman Dutch Vrouw
0%
mountain Finnish Vuori
0%
year Finnish Vuosi
0%
fire Dutch Vuur
0%
water German Wasser
0%
water Dutch Water
0%
road Dutch Weg
0%
wine German Wein
0%
work Dutch Werk
0%
village Polish Wieś
0%
wine Dutch Wijn
0%
wind Dutch Wind
0%
shop Dutch Winkel
0%
store Dutch Winkel
0%
wine Polish Wino
0%
water Polish Woda
0%
word Dutch Woord
0%
night Finnish
0%
friend Finnish Ystävä
0%
job Polish Zawód
0%
sea Dutch Zee
0%
time German Zeit
0%
earth Polish Ziemia
0%
room German Zimmer
0%
soldier Polish Żołnierz
0%
sun Dutch Zon
0%
sister Dutch Zus
0%
animal Polish Zwierzę
0%
No matching quizzes found
Score Distribution
Percent of People with Each Score
Percentile by Number Answered
Your Score History
You have not taken this quiz